00638nam a22002057a 450000500170000001000280001702000260004503500270007103700130009803700190011108200160013010000170014624500800016325000120024326000420025527000720029730000270036950000190039670000170041520100810120721.0 aENG-99393 B-431046-067 a9788175347717c195.00 aEN-82925 B-431046-067 bDBAD/PUB bAllied Pub/Ven a344.5401252 aKumar, H. L. aPractical guide to payment of gratuity /cby H. L. Kumar [and] Gaurav Kumar a6th ed. aDelhibUniversal Law Publishingc2009 aC-FF-1A, Dilkhush Industrial Estate G.T. Karnal RoadbDelhie110033 axxiv,155p.c24cm (pbk) aIncludes index aGaurav Kumar